| 000 | 00652nam a2200229 a 4500 | ||
|---|---|---|---|
| 001 | 67453 | ||
| 003 | BD-RjUL | ||
| 005 | 20211209081646.0 | ||
| 008 | 170325s1949 enk 001 0 eng d | ||
| 035 | _a(BD-RjUL)67584 | ||
| 040 |
_aDLC _cFMU _dDLC _d(BD-RjUL) _beng |
||
| 041 | _aeng | ||
| 082 |
_223 _a501 _bBEF 1949 |
||
| 100 | 1 |
_aBernal, J. D. _q(John Desmond), _9199877 |
|
| 245 | 1 | 4 |
_aThe freedom of necessity / _cJ. D. Bernal |
| 260 |
_aLondon : _bRoutledge & K. Paul Ltd., _c1949 |
||
| 300 |
_axi, 437 p. _c23 cm. |
||
| 500 | _aIncludes Index | ||
| 650 | 0 |
_aScience _xPhilosophy. _9199878 |
|
| 650 | 0 |
_aSocial sciences. _9199879 |
|
| 942 |
_2ddc _cBK |
||
| 999 |
_c67453 _d67453 |
||